[Event "XXVIII Open Internacional de Erandio"]
[Site "Erandio "]
[Date "2019.12.16"]
[Round "3"]
[Board "8"]
[White "Martinez De Soria Gordon, Jose Manuel"]
[Black "Martin Ibisate, Xabier"]
[Result "1/2-1/2"]
[WhiteElo "1904"]
[BlackElo "1897"]
[PlyCount "142"]
[EventDate "2019.12.14"]
[EventRounds "8"]
[EventCountry "ESP"]

1. e4 c5 2. Nc3 e6 3. g3 Nc6 4. Bg2 Nf6 5. Nge2 Be7 6. d4 cxd4 7. Nxd4 a6 8.
O-O O-O 9. Be3 Qc7 10. Qe2 Nxd4 11. Bxd4 e5 12. Be3 b5 13. Bg5 Bb7 14. Bxf6
Bxf6 15. Rfd1 Rac8 16. a3 Rfd8 17. Rd2 Bg5 18. Rd3 Qc5 19. Qg4 Qe7 20. Rad1 d6
21. h4 Bf6 22. R1d2 Qc7 23. Rf3 Be7 24. h5 h6 25. Rf5 Qc4 26. Bf1 Qc5 27. Rd3
f6 28. Rff3 d5 29. exd5 Kf8 30. Bh3 Rc7 31. Qe4 Qc4 32. Qxe5 Bd6 33. Qe2 b4 34.
axb4 Bxb4 35. Be6 Bxc3 36. bxc3 Bxd5 37. Bxd5 Rxd5 38. Rfe3 Qc6 39. Rxd5 Qxd5
40. Qxa6 Kf7 41. Qe2 Ra7 42. f3 Ra1+ 43. Kg2 Qxh5 44. Qc4+ Kg6 45. Qe4+ f5 46.
Qe8+ Kg5 47. Qxh5+ Kxh5 48. c4 Ra5 49. Rc3 Rc5 50. Kf2 f4 51. gxf4 Kg6 52. Ke3
h5 53. Kd4 Rc8 54. Ra3 h4 55. Ra5 Rd8+ 56. Ke3 Rc8 57. Rg5+ Kf6 58. c5 g6 59.
Kf2 Rc6 60. Kg2 Ra6 61. Kh3 Ra4 62. c6 Rc4 63. Rg2 Rxf4 64. Rf2 g5 65. c7 Rc4
66. f4 Rxc7 67. fxg5+ Kxg5 68. Rg2+ Kh5 69. Rd2 Rc3+ 70. Kg2 h3+ 71. Kh2 Kg5
 1/2-1/2

[Event "XXVIII Open Internacional de Erandio"]
[Site "Erandio "]
[Date "2019.12.16"]
[Round "3"]
[Board "9"]
[White "Starostits, Ilmars"]
[Black "Cerezo Goikolea, Pedro Maria"]
[Result "1-0"]
[WhiteElo "2492"]
[BlackElo "1670"]
[PlyCount "75"]
[EventDate "2019.12.14"]
[EventRounds "8"]
[EventCountry "ESP"]

1. e4 e6 2. d4 d5 3. Nc3 Bb4 4. exd5 exd5 5. Bd3 Be6 6. Nf3 Nd7 7. O-O Bxc3 8.
bxc3 c6 9. Ng5 Ndf6 10. Re1 Qd7 11. Bf5 Ne4 12. Bxe4 dxe4 13. Nxe4 O-O-O 14.
Bf4 Qd5 15. c4 Qxd4 16. Qxd4 Rxd4 17. Be5 Rxe4 18. Rxe4 Nf6 19. Bxf6 gxf6 20.
Rd1 f5 21. Rh4 Kc7 22. a3 c5 23. g3 Kc6 24. Kg2 a6 25. Kf3 h5 26. Kf4 b5 27.
cxb5+ axb5 28. Ke5 c4 29. Kf6 Ra8 30. Rxh5 Rxa3 31. Rh4 Rc3 32. Rd2 Kc5 33. Rf4
b4 34. h4 b3 35. cxb3 Rxb3 36. h5 Rb8 37. h6 Kb4 38. Rb2+  1-0

[Event "XXVIII Open Internacional de Erandio"]
[Site "Erandio "]
[Date "2019.12.17"]
[Round "4"]
[Board "1"]
[White "Sadusea, Johnny Fernando"]
[Black "Silva, Jorge"]
[Result "1/2-1/2"]
[WhiteElo "2132"]
[BlackElo "1963"]
[PlyCount "98"]
[EventDate "2019.12.14"]
[EventRounds "8"]
[EventCountry "ESP"]

1. e4 e5 2. Nf3 Nc6 3. d4 exd4 4. Nxd4 Bc5 5. Nb3 Bb6 6. Nc3 Nge7 7. Bg5 d6 8.
Qd2 Be6 9. O-O-O O-O 10. Kb1 f6 11. Be3 f5 12. f4 Qe8 13. Bxb6 axb6 14. Bb5 Qf7
15. g3 Nb4 16. Qd4 Nec6 17. Bxc6 Nxc6 18. Qf2 fxe4 19. Nxe4 Bf5 20. Nc3 Nb4 21.
Nd4 Nxa2 22. Qd2 Ra5 23. b3 Rfa8 24. Kb2 Qf6 25. Ra1 Nxc3 26. Rxa5 Rxa5 27.
Qxc3 Rc5 28. Qe3 Rxc2+ 29. Ka3 Rc5 30. b4 Rd5 31. Nxf5 Rxf5 32. Rc1 c5 33. Qe8+
Qf8 34. Qe6+ Kh8 35. bxc5 dxc5 36. Qxb6 Qa8+ 37. Kb3 Rf6 38. Qxc5 Qg8+ 39. Kb2
Rc6 40. Qb4 Ra6 41. Ra1 Rxa1 42. Kxa1 Qa8+ 43. Kb2 h6 44. Qb6 Qe8 45. Qxb7 Qe2+
46. Kc3 Qxh2 47. Qc8+ Kh7 48. Qf5+ Kh8 49. Qf8+ Kh7  1/2-1/2

[Event "XXVIII Open Internacional de Erandio"]
[Site "Erandio "]
[Date "2019.12.17"]
[Round "4"]
[Board "2"]
[White "Trigo Urquijo, Sergio"]
[Black "Garrido Legarreta, Jose Javier"]
[Result "1-0"]
[WhiteElo "2368"]
[BlackElo "1985"]
[PlyCount "53"]
[EventDate "2019.12.14"]
[EventRounds "8"]
[EventCountry "ESP"]

1. c4 Nf6 2. Nc3 d5 3. cxd5 Nxd5 4. g3 g6 5. Bg2 Nb6 6. d3 Bg7 7. Be3 O-O 8.
Qd2 Re8 9. Bh6 Bh8 10. h4 N8d7 11. h5 Nf6 12. hxg6 hxg6 13. Bg5 Nbd5 14. Rc1 c6
15. Na4 Qd6 16. Nf3 Bg7 17. e4 Nb4 18. Nc5 Nd7 19. Qxb4 b6 20. e5 Nxe5 21. Qh4
bxc5 22. Qh7+ Kf8 23. Bh6 Nxf3+ 24. Bxf3 Qe5+ 25. Kf1 Bxh6 26. Qxh6+ Kg8 27.
Qh7+  1-0

[Event "XXVIII Open Internacional de Erandio"]
[Site "Erandio "]
[Date "2019.12.17"]
[Round "4"]
[Board "3"]
[White "Hernandez Perez, Jesus"]
[Black "Prieto Aranguren, Alain"]
[Result "0-1"]
[WhiteElo "1950"]
[BlackElo "2277"]
[PlyCount "87"]
[EventDate "2019.12.14"]
[EventRounds "8"]
[EventCountry "ESP"]

1. e4 c6 2. d4 d5 3. exd5 cxd5 4. Bd3 Nc6 5. c3 Qc7 6. Bg5 Nf6 7. Nd2 Bg4 8.
Qb1 e6 9. Ne2 Bh5 10. Bf4 Bd6 11. Bxd6 Qxd6 12. Ng3 Bg6 13. O-O Bxd3 14. Qxd3
O-O 15. Nf3 Rab8 16. Rfe1 b5 17. a3 a5 18. Ne5 Nd7 19. f4 f5 20. Re2 Nf6 21.
Nf1 Ne4 22. Nd2 Rfc8 23. Ndf3 Ne7 24. Rc2 Rc7 25. h3 Qb6 26. Kh2 Nc8 27. g4
Ncd6 28. gxf5 exf5 29. Rg2 Kh8 30. Nh4 Rf8 31. Qe2 Rf6 32. Nhf3 Qb8 33. Ng5 Qe8
34. Rag1 Rh6 35. Rf1 Nf6 36. Re1 Nde4 37. Qf3 Ng8 38. Qe2 Rb6 39. Ra1 Ngf6 40.
Qd3 Qh5 41. Qf3 Qxf3 42. Ngxf3 g6 43. Nd3 Kg7 44. Nd2 {....}  0-1

[Event "XXVIII Open Internacional de Erandio"]
[Site "Erandio "]
[Date "2019.12.17"]
[Round "4"]
[Board "4"]
[White "Ontiveros Acuna, Miguel Angel"]
[Black "Pena Duarte, Fabian Dario"]
[Result "1/2-1/2"]
[WhiteElo "2026"]
[BlackElo "2237"]
[PlyCount "161"]
[EventDate "2019.12.14"]
[EventRounds "8"]
[EventCountry "ESP"]

1. d4 Nf6 2. Nf3 g6 3. Bf4 Bg7 4. e3 d6 5. Be2 O-O 6. O-O Nbd7 7. h3 b6 8. a4
a6 9. Nbd2 Qe8 10. Bh2 Bb7 11. c4 a5 12. Re1 e5 13. Nb3 Ne4 14. Nfd2 Nxd2 15.
Qxd2 Qe7 16. Bf1 Rfd8 17. Qc2 h5 18. Rec1 c5 19. d5 f5 20. e4 Rf8 21. Bd3 Qf6
22. Nd2 Bh6 23. Re1 Rae8 24. Rad1 Re7 25. f3 Bc8 26. Qb3 Rg7 27. Nb1 Kh8 28.
Nc3 Rfg8 29. Kh1 f4 30. Nb5 Nf8 31. Be2 g5 32. Rd3 Ng6 33. Rf1 Nh4 34. Na3 Qd8
35. Nc2 Bd7 36. Ne1 Rh7 37. Bd1 Bg7 38. Kg1 Bf6 39. Kf2 g4 40. fxg4 hxg4 41.
hxg4 Bxg4 42. Bxg4 Rxg4 43. Rh3 Qg8 44. Rg1 Bd8 45. Kf1 Qg6 46. Qd3 Qf7 47. Rh1
Qg6 48. Qe2 Rg7 49. Bg1 Kg8 50. Bf2 Rxg2 51. Nf3 Nxf3 52. Qxf3 Be7 53. Rh8+ Kf7
54. Rb8 Qg4 55. Qxg4 R2xg4 56. Rh3 Kg6 57. Ke2 f3+ 58. Kxf3 Rf4+ 59. Ke3 Bg5
60. Ke2 Rxe4+ 61. Kd3 Rg4 62. Rxb6 e4+ 63. Ke2 e3 64. Rxd6+ Kf5 65. Rf3+ Ke4
66. Re6+ Kd4 67. Bxe3+ Kxc4 68. d6 Kd5 69. Re8 Kxd6 70. Bxg5 R7xg5 71. b3 Rg2+
72. Kd3 Kd7 73. Ra8 R2g4 74. Kc3 c4 75. bxc4 Rc5 76. Rd3+ Kc7 77. Rd4 Rg3+ 78.
Rd3 Rg4 79. Rd4 Rg3+ 80. Rd3 Rg4 81. Rd4  1/2-1/2

[Event "XXVIII Open Internacional de Erandio"]
[Site "Erandio "]
[Date "2019.12.17"]
[Round "4"]
[Board "5"]
[White "Starostits, Ilmars"]
[Black "Villanueva Arguinberri, Bruno"]
[Result "1/2-1/2"]
[WhiteElo "2492"]
[BlackElo "2029"]
[PlyCount "106"]
[EventDate "2019.12.14"]
[EventRounds "8"]
[EventCountry "ESP"]

1. Nf3 Nf6 2. b3 e6 3. Bb2 b6 4. e3 Bb7 5. d4 c5 6. Bd3 cxd4 7. exd4 Nc6 8. a3
g6 9. d5 Nb8 10. dxe6 fxe6 11. h4 Bg7 12. h5 gxh5 13. Ng5 Qe7 14. Nc3 Nd5 15.
Qxh5+ Kf8 16. Nxd5 Bxd5 17. O-O-O Bxb2+ 18. Kxb2 Qg7+ 19. Kb1 Ke7 20. Nxh7 Kd8
21. c4 Bb7 22. Bc2 Nc6 23. Rhe1 Kc7 24. Qh2+ e5 25. f4 d6 26. fxe5 Nxe5 27. Re3
Qxg2 28. Qf4 Qg7 29. Ng5 Rae8 30. Rg3 Qe7 31. Rh3 Rxh3 32. Nxh3 Rf8 33. Qd4 Qf6
34. Ng5 Nd7 35. Qe3 Ne5 36. a4 Rg8 37. Ne4 Bxe4 38. Qxe4 Nc6 39. Qd5 Rg5 40.
Qd2 Rg3 41. Rh1 Qe5 42. Re1 Qg7 43. Rd1 Qe5 44. Qf2 Rg7 45. Qf8 Re7 46. Rh1 Nb4
47. Qa8 Nxc2 48. Qxa7+ Kc6 49. Qa8+ Rb7 50. Rh8 Qe1+ 51. Kb2 Qe5+ 52. Kxc2 Qe2+
53. Kb1 Qd1+  1/2-1/2

[Event "XXVIII Open Internacional de Erandio"]
[Site "Erandio "]
[Date "2019.12.17"]
[Round "4"]
[Board "6"]
[White "Umaran Del Campo, Enrique"]
[Black "Toledo Sanz, Imanol"]
[Result "0-1"]
[WhiteElo "1776"]
[BlackElo "2171"]
[PlyCount "68"]
[EventDate "2019.12.14"]
[EventRounds "8"]
[EventCountry "ESP"]

1. d4 Nf6 2. Nc3 d5 3. Bf4 a6 4. e3 c5 5. dxc5 e6 6. Na4 Nbd7 7. b4 a5 8. c3
axb4 9. cxb4 b6 10. Bd6 bxc5 11. Bxf8 Kxf8 12. a3 g6 13. Nf3 c4 14. Nc3 Kg7 15.
Be2 Bb7 16. h4 h5 17. O-O Qe7 18. Qd2 Rhd8 19. Rfd1 e5 20. Ng5 Nb6 21. Bf3 d4
22. Nce4 Nxe4 23. Nxe4 Bxe4 24. Bxe4 Rac8 25. g3 d3 26. Qa2 f5 27. Bg2 c3 28.
Rac1 Qf7 29. Qa1 Na4 30. b5 e4 31. Bf1 Qf6 32. Qa2 Nb2 33. Qb3 d2 34. Be2 Nxd1
 0-1

[Event "XXVIII Open Internacional de Erandio"]
[Site "Erandio "]
[Date "2019.12.17"]
[Round "4"]
[Board "7"]
[White "Perez Fernandez, Modesto"]
[Black "Salas Martin, Javier"]
[Result "0-1"]
[WhiteElo "2134"]
[BlackElo "1738"]
[PlyCount "100"]
[EventDate "2019.12.14"]
[EventRounds "8"]
[EventCountry "ESP"]

1. e4 d6 2. d4 Nf6 3. Nc3 e5 4. Nf3 Nbd7 5. Bc4 Be7 6. a4 a5 7. O-O O-O 8. Qe2
c6 9. Rd1 exd4 10. Rxd4 Qb6 11. Rd1 Ng4 12. h3 Nge5 13. Nxe5 Nxe5 14. Bb3 Be6
15. Be3 Qc7 16. Ba2 Nd7 17. Bxe6 fxe6 18. Qc4 d5 19. exd5 Ne5 20. Qb3 exd5 21.
Rxd5 cxd5 22. Nxd5 Qc4 23. Nxe7+ Kh8 24. Qxb7 Rae8 25. b3 Qe6 26. Nd5 Rb8 27.
Nf4 Qf6 28. Qc7 Nf3+ 29. gxf3 Qxa1+ 30. Kg2 Qf6 31. Qxa5 Qd6 32. Qd5 Qc7 33.
Ne6 Qf7 34. c4 Rfe8 35. Nc5 Qg6+ 36. Qg5 Qd6 37. Qg3 Qd8 38. Kh2 Rxe3 39. fxe3
Qd2+ 40. Qg2 Qxe3 41. Qg1 Qxf3 42. Qg3 Qe2+ 43. Qg2 Qe8 44. Qe4 Qf8 45. Nd7
Qf2+ 46. Qg2 Qf4+ 47. Qg3 Qd2+ 48. Kh1 Qd1+ 49. Kg2 Rxb3 50. Qg4 Qd2+  0-1

[Event "XXVIII Open Internacional de Erandio"]
[Site "Erandio "]
[Date "2019.12.17"]
[Round "4"]
[Board "9"]
[White "Svyatoslav, Vorobyev"]
[Black "Gutierrez Bolado, Juan Antonio"]
[Result "1-0"]
[WhiteElo "1942"]
[BlackElo "1721"]
[PlyCount "69"]
[EventDate "2019.12.14"]
[EventRounds "8"]
[EventCountry "ESP"]

1. e4 g6 2. d4 Nf6 3. Nc3 d5 4. e5 Ne4 5. Nxe4 dxe4 6. Bc4 Bg7 7. Be3 c5 8. f4
cxd4 9. Qxd4 Qxd4 10. Bxd4 Nc6 11. Be3 g5 12. g3 O-O 13. Ne2 Rd8 14. Nc3 Nd4
15. O-O-O Nc6 16. Rxd8+ Nxd8 17. Nxe4 gxf4 18. gxf4 Bf5 19. Ng3 Be6 20. Bxe6
Nxe6 21. Rd1 Rd8 22. Rxd8+ Nxd8 23. Bxa7 Nc6 24. Be3 f6 25. e6 Nb4 26. Kd2 Nd5
27. Nf5 Bf8 28. c4 Nc7 29. Nd4 f5 30. b4 Bg7 31. Nxf5 Nxe6 32. Nxg7 Kxg7 33.
Kd3 Kg6 34. Ke4 Ng7 35. f5+  1-0

[Event "XXVIII Open Internacional de Erandio"]
[Site "Erandio "]
[Date "2019.12.17"]
[Round "4"]
[Board "10"]
[White "Hrigma, Elmaati"]
[Black "Martinez De Soria Gordon, Jose Manuel"]
[Result "0-1"]
[WhiteElo "1401"]
[BlackElo "1904"]
[PlyCount "90"]
[EventDate "2019.12.14"]
[EventRounds "8"]
[EventCountry "ESP"]

1. d4 Nf6 2. Bg5 Ne4 3. Bf4 d5 4. e3 c6 5. Bd3 Nd6 6. c3 g6 7. Be5 f6 8. Bg3
Bg7 9. Nd2 e5 10. h4 e4 11. Be2 h6 12. h5 g5 13. c4 Nf5 14. Bh2 O-O 15. cxd5
cxd5 16. Qb3 Kh7 17. Bf1 Nc6 18. Rc1 Nfe7 19. Qc2 f5 20. g3 Be6 21. Ne2 Nb4 22.
Qc7 Nd3+ 23. Kd1 Nxf2+ 24. Ke1 Nd3+ 25. Kd1 Nxb2+ 26. Ke1 Nd3+ 27. Kd1 Nxc1 28.
Qxc1 Rc8 29. Qb2 Qd7 30. Nb3 b6 31. Nec1 Rc7 32. Rg1 Rfc8 33. Rg2 Rc3 34. Bg1
Qa4 35. Ne2 R3c4 36. Ke1 Rc2 37. Qb1 Bf7 38. Nec1 Qb4+ 39. Kd1 Bxh5+ 40. Be2
Rxc1+ 41. Qxc1 Rxc1+ 42. Kxc1 Qe1+ 43. Kb2 Bxe2 44. Nc1 Qd2+ 45. Kb3 Bc4+  0-1

[Event "XXVIII Open Internacional de Erandio"]
[Site "Erandio "]
[Date "2019.12.18"]
[Round "5"]
[Board "1"]
[White "Silva, Jorge"]
[Black "Trigo Urquijo, Sergio"]
[Result "0-1"]
[WhiteElo "1963"]
[BlackElo "2368"]
[PlyCount "118"]
[EventDate "2019.12.14"]
[EventRounds "8"]
[EventCountry "ESP"]

1. e4 e6 2. d4 d5 3. e5 c5 4. c3 Nc6 5. Nf3 Bd7 6. a3 c4 7. Nbd2 Na5 8. Be2 Bc6
9. O-O Qd7 10. Qe1 Ba4 11. Bd1 Bxd1 12. Qxd1 Ne7 13. Re1 O-O-O 14. b4 cxb3 15.
Nxb3 Nxb3 16. Qxb3 Nc6 17. a4 Na5 18. Qb5 Qxb5 19. axb5 b6 20. Ba3 Bxa3 21.
Rxa3 Kb7 22. Nd2 Rc8 23. f4 Rc7 24. Kf2 Ra8 25. g4 h5 26. h3 Rac8 27. Re3 hxg4
28. hxg4 Rh8 29. Kg2 Rcc8 30. Ra1 Rh4 31. Rg3 Rh7 32. Rh1 Rxh1 33. Kxh1 a6 34.
bxa6+ Kxa6 35. Rh3 Kb5 36. f5 Nc4 37. Nf3 Ne3 38. Ng5 Rxc3 39. Nxf7 Rc1+ 40.
Kh2 Nxg4+ 41. Kg3 exf5 42. Nd6+ Kb4 43. Nxf5 Nh6 44. Nxg7 Rg1+ 45. Kf2 Rxg7 46.
Rxh6 Kc4 47. Ke3 Rg3+ 48. Kf4 Rb3 49. e6 Kxd4 50. e7 Re3 51. Rxb6 Rxe7 52. Rb4+
Kc3 53. Rb8 d4 54. Ra8 d3 55. Ra3+ Kc2 56. Ra2+ Kc1 57. Ra8 d2 58. Rc8+ Kd1 59.
Ra8 Ke1  0-1

[Event "XXVIII Open Internacional de Erandio"]
[Site "Erandio "]
[Date "2019.12.18"]
[Round "5"]
[Board "2"]
[White "Prieto Aranguren, Alain"]
[Black "Sadusea, Johnny Fernando"]
[Result "1/2-1/2"]
[WhiteElo "2277"]
[BlackElo "2132"]
[PlyCount "72"]
[EventDate "2019.12.14"]
[EventRounds "8"]
[EventCountry "ESP"]

1. d4 Nf6 2. c4 e6 3. Nc3 d5 4. Bg5 c6 5. Nf3 h6 6. Bh4 dxc4 7. e4 g5 8. Bg3 b5
9. h4 g4 10. Ne5 Bb4 11. a3 Bxc3+ 12. bxc3 Bb7 13. Nxg4 Nbd7 14. Nxf6+ Qxf6 15.
Be2 O-O-O 16. a4 a6 17. O-O Rhg8 18. Qc2 e5 19. Rfd1 Qe7 20. Qb2 f6 21. Rdb1
Nb6 22. Kh2 exd4 23. cxd4 Qxe4 24. Rd1 c3 25. Qa2 Nxa4 26. Bf3 Qe7 27. Re1 Qd7
28. Qc2 Rxg3 29. fxg3 Kb8 $11 30. Rxa4 bxa4 31. Qxa4 Qxd4 32. Qb3 Qc5 33. Rc1
Rd3 34. Rb1 Rd7 35. Rc1 Rd3 36. Rb1 Rd7  1/2-1/2

[Event "XXVIII Open Internacional de Erandio"]
[Site "Erandio "]
[Date "2019.12.18"]
[Round "5"]
[Board "3"]
[White "Toledo Sanz, Imanol"]
[Black "Uria Ramirez, Aitor"]
[Result "1-0"]
[WhiteElo "2171"]
[BlackElo "1906"]
[PlyCount "67"]
[EventDate "2019.12.14"]
[EventRounds "8"]
[EventCountry "ESP"]

1. e4 e5 2. Nf3 Nc6 3. Bb5 a6 4. Ba4 Nf6 5. O-O b5 6. Bb3 Nxe4 7. d4 d5 8. dxe5
Be6 9. Qe2 Be7 10. Rd1 Na5 11. Nbd2 Nxb3 12. axb3 Nxd2 13. Bxd2 O-O 14. b4 Qd7
15. Nd4 c5 16. bxc5 Bxc5 17. Nb3 Bb6 18. Be3 Bxe3 19. Qxe3 Qc7 20. Nd4 Rfc8 21.
f4 Qd7 22. Rf1 Bf5 23. Rf2 g6 24. h3 h5 25. g4 hxg4 26. hxg4 Bxg4 27. f5 Kh7
28. fxg6+ fxg6 29. e6 Qd6 30. Rf7+ Kg8 31. Rd7 Qb8 32. Rf1 Rc7 33. Rdf7 Qa7 34.
Qe5  1-0

[Event "XXVIII Open Internacional de Erandio"]
[Site "Erandio "]
[Date "2019.12.18"]
[Round "5"]
[Board "4"]
[White "Villanueva Arguinberri, Bruno"]
[Black "Martinez De Soria Gordon, Jose Manuel"]
[Result "1-0"]
[WhiteElo "2029"]
[BlackElo "1904"]
[PlyCount "75"]
[EventDate "2019.12.14"]
[EventRounds "8"]
[EventCountry "ESP"]

1. d4 Nf6 2. c4 e6 3. Nf3 Bb4+ 4. Bd2 Qe7 5. a3 Bxd2+ 6. Nbxd2 d5 7. e3 O-O 8.
Bd3 Nbd7 9. O-O e5 10. dxe5 Nxe5 11. Nxe5 Qxe5 12. cxd5 Qxd5 13. Bc4 Qd6 14.
Nf3 Qxd1 15. Rfxd1 Bg4 16. Be2 Rfd8 17. Rac1 c6 18. Kf1 Kf8 19. Nd4 Bxe2+ 20.
Kxe2 Rd5 21. b4 a5 22. Ra1 Ke7 23. f3 g6 24. e4 Rdd8 25. bxa5 Rxa5 26. Rab1 c5
27. Rxb7+ Ke8 28. Nc6 Rxd1 29. Nxa5 Ra1 30. Nc4 Rc1 31. Nd6+ Kd8 32. Nxf7+ Kc8
33. Nd6+ Kd8 34. e5 Nd5 35. e6 Nc7 36. Rxc7 Kxc7 37. e7 Kxd6 38. e8=Q  1-0

[Event "XXVIII Open Internacional de Erandio"]
[Site "Erandio "]
[Date "2019.12.18"]
[Round "5"]
[Board "5"]
[White "Cuero Reid, Maximo Javier"]
[Black "Ontiveros Acuna, Miguel Angel"]
[Result "0-1"]
[WhiteElo "1753"]
[BlackElo "2026"]
[PlyCount "63"]
[EventDate "2019.12.14"]
[EventRounds "8"]
[EventCountry "ESP"]

1. d4 Nf6 2. b4 d5 3. Nf3 Bf5 4. e3 e6 5. a3 Bd6 6. Bd3 Bg6 7. Bb2 Nbd7 8. c4
dxc4 9. Bxc4 O-O 10. Bd3 Re8 11. Bxg6 hxg6 12. O-O e5 13. dxe5 Nxe5 14. Nxe5
Bxe5 15. Nc3 Qe7 16. Qf3 c6 17. Rfd1 a5 18. b5 cxb5 19. Rab1 b4 20. axb4 a4 21.
Ba1 a3 22. Na2 Ne4 23. Bxe5 Qxe5 24. Rd4 Ra6 25. Qe2 g5 26. f3 Nf6 27. Rd3 g4
28. e4 gxf3 29. gxf3 Nd5 30. Qd2 Nf4 31. Rd7 Rg6+ 32. Kh1  0-1

[Event "XXVIII Open Internacional de Erandio"]
[Site "Erandio "]
[Date "2019.12.18"]
[Round "5"]
[Board "6"]
[White "Salas Martin, Javier"]
[Black "Svyatoslav, Vorobyev"]
[Result "1/2-1/2"]
[WhiteElo "1738"]
[BlackElo "1942"]
[PlyCount "94"]
[EventDate "2019.12.14"]
[EventRounds "8"]
[EventCountry "ESP"]

1. d4 e6 2. c4 b6 3. Nf3 Bb7 4. g3 f5 5. Bg2 Nf6 6. O-O Be7 7. Nc3 O-O 8. d5
Na6 9. Bf4 Nc5 10. Nb5 Ne8 11. Nxc7 e5 12. Bxe5 d6 13. Nxa8 dxe5 14. Nxe5 Bxa8
15. Nc6 Bxc6 16. dxc6 Nf6 17. Qxd8 Rxd8 18. Rad1 Rc8 19. Bd5+ Nxd5 20. cxd5 Ne4
21. f3 Nd6 22. Kg2 Bf6 23. b3 a6 24. Rd3 Bg5 25. Re1 Bf6 26. e4 fxe4 27. fxe4
Be5 28. Rf3 g6 29. h4 h6 30. a4 Kg7 31. Re2 Kg8 32. Kf1 Rc7 33. Ke1 Kg7 34. Kd2
Re7 35. Kd3 Rc7 36. g4 Re7 37. Rf1 Rc7 38. h5 g5 39. Rf5 Nxf5 40. exf5 Kf6 41.
Kc4 Re7 42. Kd3 Bd6 43. Re6+ Rxe6 44. dxe6 Bc7 45. Ke4 Ke7 46. Kd5 Kf6 47. Ke4
Ke7  1/2-1/2

[Event "XXVIII Open Internacional de Erandio"]
[Site "Erandio "]
[Date "2019.12.18"]
[Round "5"]
[Board "7"]
[White "Perez Novoa, Miguel"]
[Black "Hernandez Perez, Jesus"]
[Result "1-0"]
[WhiteElo "1675"]
[BlackElo "1950"]
[PlyCount "67"]
[EventDate "2019.12.14"]
[EventRounds "8"]
[EventCountry "ESP"]

1. e4 e6 2. d4 d5 3. e5 c5 4. c3 Nc6 5. Nf3 Qb6 6. a3 c4 7. g3 Bd7 8. Nbd2 Na5
9. h4 Ne7 10. Bh3 h6 11. Rb1 Qc7 12. h5 O-O-O 13. Nh4 Kb8 14. Qf3 Be8 15. O-O
Nc8 16. b4 cxb3 17. Nxb3 Nc4 18. Re1 N8b6 19. Bf1 Nxa3 20. Bxa3 Bxa3 21. Na5
Rc8 22. c4 Be7 23. c5 Bxc5 24. dxc5 Qxc5 25. Nb3 Qe7 26. Nd4 Bd7 27. Rec1 Qg5
28. Qa3 Qxe5 29. Nhf3 Qf6 30. Qd6+ Ka8 31. Rxb6 Ba4 32. Qb4 Bd7 33. Rxb7 Rb8
34. Rxa7+  1-0

[Event "XXVIII Open Internacional de Erandio"]
[Site "Erandio "]
[Date "2019.12.18"]
[Round "5"]
[Board "8"]
[White "Martin Ibisate, Xabier"]
[Black "Starostits, Ilmars"]
[Result "0-1"]
[WhiteElo "1897"]
[BlackElo "2492"]
[PlyCount "64"]
[EventDate "2019.12.14"]
[EventRounds "8"]
[EventCountry "ESP"]

1. e4 c5 2. Nf3 Nc6 3. d4 cxd4 4. Nxd4 Qb6 5. Nb3 Nf6 6. Nc3 e6 7. Be3 Qc7 8.
a3 a6 9. g3 Ne5 10. Bf4 d6 11. Bxe5 dxe5 12. Bg2 b5 13. O-O Bb7 14. Qe2 Be7 15.
Rfd1 O-O 16. Rd3 Rad8 17. Rad1 Rxd3 18. Rxd3 h6 19. a4 b4 20. Na2 Bc6 21. c3
Bxa4 22. Qd1 a5 23. cxb4 axb4 24. Qd2 Ra8 25. Nbc1 Bc2 26. Re3 Rd8 27. Nd3 Ng4
28. Rf3 Bxd3 29. Rxd3 Rxd3 30. Qxd3 Qa7 31. Qd2 Nxf2 32. Qxf2 Bc5  0-1

[Event "XXVIII Open Internacional de Erandio"]
[Site "Erandio "]
[Date "2019.12.18"]
[Round "5"]
[Board "9"]
[White "Garrido Legarreta, Jose Javier"]
[Black "Sarralde Marco, Emilio"]
[Result "1-0"]
[WhiteElo "1985"]
[BlackElo "1833"]
[PlyCount "89"]
[EventDate "2019.12.14"]
[EventRounds "8"]
[EventCountry "ESP"]

1. d4 Nf6 2. c4 e6 3. Nf3 d5 4. Nc3 Be7 5. Bg5 c6 6. e3 O-O 7. Rc1 Nbd7 8. Bd3
b6 9. O-O Bb7 10. cxd5 exd5 11. Bxf6 Nxf6 12. Ne5 c5 13. Bb5 Qc7 14. f4 c4 15.
g4 a6 16. g5 axb5 17. Nxb5 Qd8 18. gxf6 Bxf6 19. a3 Ra5 20. Nc3 b5 21. Rc2 Qd6
22. Rg2 Bxe5 23. dxe5 Qc5 24. Qd4 Qxd4 25. exd4 Bc6 26. f5 Ra7 27. e6 f6 28.
Re2 Re7 29. Na2 Rd8 30. Nb4 Be8 31. Re3 Rd6 32. b3 Ra7 33. a4 cxb3 34. axb5
Bxb5 35. Rb1 Ra8 36. Rbxb3 Bc4 37. Rbc3 g6 38. Rxc4 dxc4 39. Rc3 gxf5 40. Rxc4
Rad8 41. d5 Re8 42. Rc6 Rxc6 43. Nxc6 Kf8 44. Kf2 Rc8 45. Ke3  1-0

[Event "XXVIII Open Internacional de Erandio"]
[Site "Erandio "]
[Date "2019.12.18"]
[Round "5"]
[Board "10"]
[White "Caballero Acosta, Erlantz"]
[Black "Meneses Arenas, Mikel"]
[Result "1-0"]
[WhiteElo "1721"]
[BlackElo "1813"]
[PlyCount "85"]
[EventDate "2019.12.14"]
[EventRounds "8"]
[EventCountry "ESP"]

1. e4 c5 2. Nc3 g6 3. Bc4 Nc6 4. f4 Bg7 5. Nf3 d6 6. O-O Bd7 7. d3 a6 8. a4 e6
9. Qe1 Nd4 10. Nxd4 Bxd4+ 11. Be3 Bg7 12. f5 Nf6 13. fxe6 fxe6 14. e5 Ng4 15.
Kh1 Nxe5 16. Bb3 Qe7 17. Qg3 Nf7 18. Rae1 Be5 19. Bf4 O-O-O 20. Ne4 h6 21. Bxe5
Nxe5 22. Nxd6+ Qxd6 23. Qxe5 Qxe5 24. Rxe5 b6 25. Bxe6 Rhf8 26. Kg1 Rxf1+ 27.
Kxf1 Rf8+ 28. Ke2 Kc7 29. Bxd7 Kxd7 30. b3 Kd6 31. Re3 Rf6 32. Rf3 Re6+ 33. Kd2
Kd5 34. c4+ Kd6 35. g4 Kd7 36. Rf7+ Kd6 37. Rf3 Kd7 38. h4 Kd6 39. Rf4 Kd7 40.
Rf7+ Kd6 41. Rh7 Ke5 42. Rxh6 Kf4 43. h5  1-0

[Event "XXVIII Open Internacional de Erandio"]
[Site "Erandio "]
[Date "2019.12.19"]
[Round "6"]
[Board "1"]
[White "Trigo Urquijo, Sergio"]
[Black "Prieto Aranguren, Alain"]
[Result "1-0"]
[WhiteElo "2368"]
[BlackElo "2277"]
[PlyCount "67"]
[EventDate "2019.12.14"]
[EventRounds "8"]
[EventCountry "ESP"]

1. Nf3 Nf6 2. g3 d5 3. Bg2 c5 4. O-O Nc6 5. c4 d4 6. e3 e5 7. exd4 exd4 8. Re1+
Be7 9. d3 O-O 10. Ne5 Nxe5 11. Rxe5 Bd6 12. Re1 Bg4 13. Bf3 Bxf3 14. Qxf3 Qc7
15. Bg5 Nd7 16. Nd2 Ne5 17. Qe2 Qc6 18. Be7 Bxe7 19. Qxe5 Bf6 20. Qf5 g6 21.
Qf4 Rfe8 22. Re4 Rxe4 23. Nxe4 Bg7 24. Qd6 Qxd6 25. Nxd6 Bf8 26. Nb5 a6 27. Nc7
Rb8 28. a4 Bd6 29. Nd5 b5 30. cxb5 axb5 31. a5 c4 32. a6 Bc5 33. Nf6+ Kg7 34.
Nd7  1-0

[Event "XXVIII Open Internacional de Erandio"]
[Site "Erandio "]
[Date "2019.12.19"]
[Round "6"]
[Board "2"]
[White "Sadusea, Johnny Fernando"]
[Black "Perez Novoa, Miguel"]
[Result "1-0"]
[WhiteElo "2132"]
[BlackElo "1675"]
[PlyCount "123"]
[EventDate "2019.12.14"]
[EventRounds "8"]
[EventCountry "ESP"]

1. e4 c5 2. Nf3 d6 3. d4 cxd4 4. Nxd4 Nf6 5. Nc3 g6 6. Be2 Bg7 7. Be3 Nc6 8.
Qd2 O-O 9. Nb3 Be6 10. O-O Qc8 11. Bh6 Rd8 12. Bxg7 Kxg7 13. f4 d5 14. e5 Ne4
15. Nxe4 dxe4 16. Qe3 Bf5 17. c3 b6 18. h3 h5 19. Kh2 Qe6 20. Rad1 Rac8 21. Ba6
Rb8 22. Bb5 Rxd1 23. Rxd1 Rd8 24. Rxd8 Nxd8 25. Qd4 Qc8 26. Be2 Ne6 27. Qe3 Nc5
28. Nd4 Nd3 29. Bxd3 exd3 30. Kg1 Qc4 31. a3 Bd7 32. Kf2 Bc8 33. Qd2 Bb7 34.
Ke3 Qd5 35. Nf3 Qe4+ 36. Kf2 Qd5 37. Ne1 e6 38. Qxd3 Qb3 39. Qd2 Ba6 40. Nf3
Qc4 41. Kg3 Bb7 42. Nd4 Qd5 43. Nf3 Qe4 44. b3 Bd5 45. c4 Bb7 46. Qd7 Kg8 47.
b4 Bc6 48. Qd8+ Kg7 49. Qf6+ Kg8 50. Kh4 Qf5 51. Qxf5 exf5 52. Kg3 Kf8 53. Nd4
Be4 54. Kf2 Ke8 55. Nb5 Bd3 56. Nxa7 Bxc4 57. Nc8 b5 58. Nd6+ Kd7 59. Nxc4 bxc4
60. Ke3 Kc6 61. Kd4 Kb5 62. a4+  1-0